000 01370nam a22002297a 4500
999 _c58569
_d58569
003 Ge_BSU
005 20220606115527.0
008 220606s2021 ge ||||| |||| 00| 0 geo d
020 _a9789941969973
041 _ageo
080 _a1(44) ფ-97
100 _aფუკო, მიშელ, 1926-1984
_913980
245 _aჰეტეროტოპიები, 7 დეკემბერი, 1966 = Les Heterotopies, France Culture, 7 december 1966 ; უტოპიური სხეული, 21 დეკემბერი, 1966 = Le Corps Utopique, France Culture, 21 december 1966 /
_c მიშელ ფუკო ; მთარგმნელი გიგლა გონაშვილი ; რედაქტორი ლუკა ნახუცრიშვილი.
250 _aI ქართული გამოცემა
264 _aთბილისი :
_bCarpe diem,
_c2021.
300 _a62 გვ. ;
_b20 სმ.
500 _aთავფურცელი და ტექსტი ქართ. და ფრანგ. ენებზე.
653 _aფრანგული ფილოსოფია
700 _aგონაშვილი, გიგლა
_e მთარგმნელი
_913981
700 _aნახუცრიშვილი, ლუკა
_eრედაქტორი.
_95466
942 _2udc
_cBK